| Tag |
First Indicator |
Second Indicator |
Subfields |
| LEADER |
00000cam a2200000Ia 4500 |
| 001 |
in00002783685 |
| 005 |
20151202171835.0 |
| 008 |
851004s1963 dcuabo b 001 0 eng d |
| 035 |
|
|
|a (OCoLC)ocm12635407
|
| 035 |
|
|
|a (OCoLC)12635407
|
| 040 |
|
|
|a NSL
|c NSL
|d OCL
|d EEM
|d OCLCQ
|d UV$
|d OCLCQ
|d NRU
|d UtOrBLW
|
| 043 |
|
|
|a n-us---
|
| 049 |
|
|
|a TXAM
|
| 050 |
|
4 |
|a QE75
|b .P9 1962 no. 450-E
|
| 082 |
0 |
4 |
|a 557.3
|b U58p no. 450-E
|
| 086 |
0 |
|
|a I 19.16:450-E
|
| 245 |
0 |
0 |
|a Short papers in geology, hydrology, and topography; articles 180-239 :
|b Geological Survey research 1962 ; scientific notes and summaries of investigations /
|c prepared by members of the Geologic, Water Resources, and Topographic Divisions in the fields of geology, hydrology, topography, and related sciences.
|
| 264 |
|
1 |
|a Washington, D.C. :
|b U.S. G.P.O.,
|c 1963.
|
| 300 |
|
|
|a vi, 189 pages :
|b illustrations, maps, photographs ;
|c 29 cm.
|
| 336 |
|
|
|a text
|b txt
|2 rdacontent
|
| 337 |
|
|
|a unmediated
|b n
|2 rdamedia
|
| 338 |
|
|
|a volume
|b nc
|2 rdacarrier
|
| 490 |
1 |
|
|a Geological Survey professional paper ;
|v 450-E
|
| 504 |
|
|
|a Includes bibliographies and index.
|
| 505 |
0 |
|
|a Geologic studies: Economic geology. Engineering geology. Structural geology. Stratigraphy. Mineralogy, geochemistry, and petrology. Geochronology. Sedimentary petrology. Geomorphology and glacial geology. Analytical methods -- Topographic studies: Mapping techniques -- Hydrologic studies: Engineering hydrology. Ground water. Surface water. Quality of water. Analytical hydrology. Experimental hydrology.
|
| 650 |
|
0 |
|a Geology
|x Research
|z United States.
|
| 650 |
|
0 |
|a Hydrology
|x Research
|z United States.
|
| 710 |
2 |
|
|a Geological Survey (U.S.)
|
| 740 |
0 |
|
|a Geological Survey research 1962.
|
| 830 |
|
0 |
|a Geological Survey professional paper ;
|v 450-E.
|
| 948 |
|
|
|a cataloged
|b h
|c 2012/12/13
|d c
|e mvaldespin
|f 11:49:09 am
|
| 994 |
|
|
|a C0
|b TXA
|
| 999 |
|
|
|a MARS
|
| 999 |
f |
f |
|s 0c4c2f94-d7c2-325c-8e92-3ed9a052ff3e
|i f391774f-bc88-3241-b1d2-103e26c9d6be
|t 0
|
| 952 |
f |
f |
|p normal
|a Texas A&M University
|b College Station
|c Sterling C. Evans Library
|d Evans: US Documents (Annex 5th floor)
|t 0
|e I 19.16:449-450 A-E
|h Superintendent of Documents classification
|i unmediated -- volume
|m A14820657612
|
| 952 |
f |
f |
|a Texas A&M University
|b College Station
|c Sterling C. Evans Library
|d Evans: US Documents (Annex 5th floor)
|t 0
|e I 19.16:449-450 A-E
|h Superintendent of Documents classification
|
| 998 |
f |
f |
|a I 19.16:449-450 A-E
|t 0
|l Evans: US Documents (Annex 5th floor)
|